000
00447nam a2200157Ia 4500
008
100204s9999 xx 000 0 und d
082
_b
28952
100
_a
अंतरकर आनंद
245
_a
छायानट
250
_a
0
260
_b
"आनंद अंतरकर, कर्वे रोड, पुणे"
_c
2007
300
_a
190
630
_a
छायानट
730
_a
छायानट
942
_c
BOOK
999
_c
474143
_d
474140